Klezmer music : a marriage of heaven & earth.

Saved in:
Bibliographic Details
Other Authors: Charno, Jeffrey.
Format: Book
Language:English
Published: Roslyn, N.Y. : Ellipsis Arts, c1996.
Series:Musical expeditions.
Subjects:
Tags: Add Tag
No Tags, Be the first to tag this record!
LEADER 00861nam a2200277 a 4500
001 007786830-7
005 20020606104010.5
006 jfmn
008 981105s1996 nyua 000 0 eng d
020 |a 1559613831 
035 0 |a ocn181940790 
035 1 |a MAHS98B1337 
035 1 |z CUBGGLAD15162553 
040 |a KU  |c KU  |d CU  |d MH-Mu 
245 0 0 |a Klezmer music :  |b a marriage of heaven & earth. 
260 |a Roslyn, N.Y. :  |b Ellipsis Arts,  |c c1996. 
300 |a 63 p. :  |b ill. ;  |c 14 cm. +  |e 1 sound disc (digital ; 4 3/4 in.) 
490 1 |a Musical expeditions 
500 |a "Executive producer, Jeffrey Charno"--P. [2]. 
650 0 |a Klezmer music. 
650 0 |a Klezmer music  |x History and criticism. 
650 0 |a Jews  |x Music  |x History and criticism. 
700 1 |a Charno, Jeffrey. 
830 0 |a Musical expeditions. 
988 |a 20020608 
906 |0 RLIN